000
00199nam a22000857a 4500
001
1242891
005
20251015141730.0
245
_a
SOKAKTA TEK BAŞINA
_c
AYHAN BOZFIRAT
260
_b
GÜNIŞIĞI YAYINLARI
999
_c
1242891
_d
1242891